Les 20 joueurs les plus décisifs sur une saison en Ligue 1. - Statistiques

Statistiques générales
  • Ce quiz a été pris 166 fois
  • Le résultat moyen est 18 sur 20
Statistiques - réponses
G+A Joueurs Clubs Saisons % Correct
45 Kylian Mbappe PSG 21/22
100%
39 Kylian Mbappe PSG 18/19
100%
35 Kylian Mbappe PSG 22/23
100%
34 Kylian Mbappe PSG 20/21
100%
39 Edinson Cavani PSG 16/17
98%
33 Edinson Cavani PSG 17/18
98%
51 Zlatan Ibrahimovic PSG 15/16
98%
32 Alexandre Lacazette Lyon 14/15
97%
32 Alexandre Lacazette Lyon 22/23
97%
31 Alexandre Lacazette Lyon 16/17
97%
32 Neymar PSG 17/18
95%
32 Lionel Messi PSG 22/23
92%
30 Olivier Giroud Montpellier 11/12
92%
35 Eden Hazard Lille 11/12
88%
37 Zlatan Ibrahimovic PSG 13/14
87%
37 Zlatan Ibrahimovic PSG 12/13
87%
33 Florian Thauvin Marseille 17/18
81%
32 Memphis Depay Lyon 20/21
66%
33 Nicolas Pepe Lille 18/19
66%
32 Nene PSG 11/12
57%
Aucun quiz correspondant
Distribution des résultats
% des personnes avec chaque résultat
Percentile par nombre de réponses
Votre historique - résultats
Vous n’avez pas pris ce quiz